Devinez le Pays Mystère #85 - Statistiques

Statistiques générales
  • Ce quiz a été pris 346 fois
  • Le résultat moyen est 8 sur 13
Statistiques - réponses
Type de Réponse Réponse % Correct
Lettre Trouvée E
99%
Lettre Trouvée Ï
91%
Lettre Bien Placée Ï
85%
Lettre Trouvée T
81%
Lettre Trouvée W
59%
Lettre Trouvée O
52%
Lettre Bien Placée O
49%
Lettre Bien Placée E
45%
Lettre Bien Placée K
45%
Lettre Trouvée K
45%
Pays Mystère Koweït
45%
Lettre Bien Placée T
45%
Lettre Bien Placée W
45%
Aucun quiz correspondant
Distribution des résultats
% des personnes avec chaque résultat
Percentile par nombre de réponses
Votre historique - résultats
Vous n’avez pas pris ce quiz